Вербальні формули побажань у різноструктурних мовах : прагмасемантичний і лінгвокультурологічний аспекти (Запис № 572646)
[ простий вигляд ]
| 000 -Лідер | |
|---|---|
| fixed length control field | 02660nam a22002417a 4500 |
| 003 - Ідентифікатор контрольного номера | |
| control field | UA-OsUOA |
| 005 - Дата та час останнього входження (трансакції) | |
| control field | 20220616112032.0 |
| 008 - Елементи даних фіксованої довжини – загальна інформація | |
| fixed length control field | 220616b un ||||| m||| 00| 0 ukr d |
| 040 ## - Джерело каталогізації | |
| Агенція оригінальної каталогізації | UA-OsUOA |
| Мова каталогізації | ukr |
| Агенція, яка здійснювала перезапис | UA-OsUOA |
| Агенція, яка здійснювала модифікацію | UA-OsUOA |
| 041 ## - Код мови | |
| Код мови тексту/ звукової доріжки чи окремого заголовка (П) | ukr |
| 080 ## - Індекс Універсальної десяткової класифікації | |
| Індекс Універсальної десяткової класифікації (УДК) (НП) | 81'246.3.367.323.371 |
| 090 ## - Локальний шифр розміщення | |
| Класифікаційний індекс УДК | 81'246.3.367.323.371 |
| 095 ## - Код спеціальності для авторефератів | |
| Код спеціальності | 10.02.17 |
| Назва спеціальності | порівняльно-історичне і типологічне мовознавство |
| 100 ## - Основне введення – ім’я особи | |
| Ім’я особи (НП) | Павловська Л. О. |
| 245 ## - Відомості про назву | |
| Назва (НП) | Вербальні формули побажань у різноструктурних мовах : прагмасемантичний і лінгвокультурологічний аспекти |
| Дані про відповідальність (НП) | Павловська Людмила Олександрівна ; наук. керівник Тищенко Олег Володимирович |
| 260 ## - Публікація, розповсюдження і т.п. (Вихідні дані) | |
| Місце публікації, розповсюдження і т.п. (П) | Київ |
| Дата публікації, розповсюдження і т.п. (П) | 2009 |
| 300 ## - Фізичний опис | |
| Обсяг | 18 с. |
| 502 ## - Примітка про дисертацію | |
| Зв'язок | Автореферат дисертації на здобуття наукового ступеня кандидата філологічних наук<br/> |
| Наймення інституції, що представляється | Національний педагогічний університет імені М. П. Драгоманова |
| Рік отримання вченого ступеня | 2009 |
| 520 ## - Резюме і т.п. | |
| Резюме, реферат, анотація, тощо (НП) | Дисертація присвячена зіставно-типологічному вивченню вербальних формул побажань в англійській, українській, болгарській та чеській мовах.<br/>У роботі узагальнено прагмасемантичні та лінгвокультурологічні засади вивчення досліджуваних одиниць у різноструктурних мовах. На основі розробленої методики зіставлення вербальних формул побажань охарактеризовано їхню зовнішню прагматику як мовленнєвих актів оптативнодирективного характеру; здійснено конфігурацію внутрішньої прагматики побажань-експресивів за аксіологічною шкалою (благо- / злопобажання); зіставлено мотиваційні сфери вербальних формул побажань в англійській, українській, болгарській та чеській лінгвокультурах і виявлено їхні спільні й відмінні аломотиви. |
| 650 ## - Додаткове предметне введення – тематичний термін | |
| Джерело заголовка чи терміна | UDC |
| Тематичний термін чи географічна назва, як елемент введення (НП) | 81 Лінгвістика. Мовознавство. Мови |
| 942 ## - Додаткові елементи входу (Коха) | |
| Source of classification or shelving scheme | Universal Decimal Classification |
| Тип елемента Koha | Автореферат |
| 955 ## - Код типу видання за змістом | |
| Код типу видання за змістом (НП) | Наукові видання |
Немає доступних примірників.